Trust and political economy: institutions and the sources of interfirm cooperation (Record no. 65262)

000 -LEADER
fixed length control field 00409pab a2200145 454500
008 - FIXED-LENGTH DATA ELEMENTS--GENERAL INFORMATION
fixed length control field 180718b2005 xxu||||| |||| 00| 0 eng d
100 ## - MAIN ENTRY--PERSONAL NAME
Personal name Farrell, Henry
245 ## - TITLE STATEMENT
Title Trust and political economy: institutions and the sources of interfirm cooperation
260 ## - PUBLICATION, DISTRIBUTION, ETC.
Date of publication, distribution, etc. 2005
300 ## - PHYSICAL DESCRIPTION
Extent p.459-83.
362 ## - DATES OF PUBLICATION AND/OR SEQUENTIAL DESIGNATION
Dates of publication and/or sequential designation Jun
650 ## - SUBJECT ADDED ENTRY--TOPICAL TERM
Topical term or geographic name entry element Economic cooperation
773 ## - HOST ITEM ENTRY
Main entry heading Comparative Political Studies
909 ## -
-- 65262
Holdings
Withdrawn status Lost status Damaged status Not for loan Permanent Location Current Location Date acquired Serial Enumeration / chronology Barcode Date last seen Price effective from Koha item type
        Indian Institute of Public Administration Indian Institute of Public Administration 2018-07-19 Volume no: 38, Issue no: 5 AR65714 2018-07-19 2018-07-19 Articles

Powered by Koha